Lichtenštejnské bankovnictví

Krátka história o vzniku Lichtenštajnska. Reforma finančného trhu a obmedzenie bankového tajomstva pre individuálnych i firemných investorov. Kniežacia LGT Bank a jej expanzia do zahraničia.

Gespeichert in:
Bibliographische Detailangaben
1. Verfasser: Juřík, Pavel
Format: Buchkapitel
Sprache:Tschechisch
Schlagworte:
Tags: Tag hinzufügen
Keine Tags, Fügen Sie das erste Tag hinzu!

MARC

LEADER 00000naa a2200000 4500
001 0201921
005 20231211083647.1
041 0 |a cze 
044 |a CZ 
245 1 0 |a Lichtenštejnské bankovnictví  |c Pavel Juřík 
520 |a Krátka história o vzniku Lichtenštajnska. Reforma finančného trhu a obmedzenie bankového tajomstva pre individuálnych i firemných investorov. Kniežacia LGT Bank a jej expanzia do zahraničia. 
610 2 0 |a Lichtenštajnsko 
610 2 0 |a história 
610 2 0 |a banky 
610 2 0 |a bankovníctvo 
610 2 0 |a dohľad bankový 
610 2 0 |a nástroje bankové 
610 2 0 |a služby bankové 
610 2 0 |a služby finančné 
100 1 |a Juřík, Pavel